Statistics for Most Famous Landmarks in the World 21-40

Click here to take the quiz!

General Stats

  • This quiz has been taken 24 times
  • The average score is 8 of 20

Answer Stats

PlaceLandmark% Correct
Arizona, USAGrand Canyon
86%
South Dakota, USAMount Rushmore
76%
Zambia/ZimbabweVictoria Falls
67%
Athens, GreeceAcropolis
62%
Siem Reap, CambodiaAngkor Wat
62%
Northern Territory, AustraliaUluru
62%
Berlin, GermanyBrandenburg Gate
57%
Tibet,China/NepalMount Everest
52%
JapanMount Fuji
52%
Barcelona, SpainSagrada Familia
48%
Istanbul, TurkeyHagia Sofia
38%
Ontario, Canada/New York, USANiagra Falls
38%
Vatican CitySt. Peter's Basilica
33%
Bavaria, GermanyNeuschwanstein Castle
19%
ChileEaster Island
14%
Brussels, BelgiumManneken Pis
14%
Wiltshire, UKStonehedge
14%
Washington D.C, USACapitol Hill
10%
Jerusalem, IsraelAl Aqsa Mosque
5%
New ZealandMount Eden Crater
0%

Score Distribution

Percentile by Number Answered

Percent of People with Each Score

Your Score History

You have not taken this quiz